<?xml version="1.0" encoding="UTF-8"?>
<collection xmlns="http://www.loc.gov/MARC21/slim">
 <record>
  <leader>05404cam a2200709 c 4500</leader>
  <controlfield tag="001">1681663252</controlfield>
  <controlfield tag="003">DE-627</controlfield>
  <controlfield tag="005">20241105224245.0</controlfield>
  <controlfield tag="007">tu</controlfield>
  <controlfield tag="008">191112r20131994gw |||||      00| ||lat c</controlfield>
  <datafield tag="020" ind1=" " ind2=" ">
   <subfield code="a">9783050055411</subfield>
   <subfield code="9">978-3-05-005541-1</subfield>
  </datafield>
  <datafield tag="024" ind1="3" ind2=" ">
   <subfield code="a">9783050055411</subfield>
  </datafield>
  <datafield tag="035" ind1=" " ind2=" ">
   <subfield code="a">(DE-627)1681663252</subfield>
  </datafield>
  <datafield tag="035" ind1=" " ind2=" ">
   <subfield code="a">(DE-599)KXP1681663252</subfield>
  </datafield>
  <datafield tag="035" ind1=" " ind2=" ">
   <subfield code="a">(OCoLC)1164744879</subfield>
  </datafield>
  <datafield tag="040" ind1=" " ind2=" ">
   <subfield code="a">DE-627</subfield>
   <subfield code="b">ger</subfield>
   <subfield code="c">DE-627</subfield>
   <subfield code="e">rda</subfield>
  </datafield>
  <datafield tag="041" ind1=" " ind2=" ">
   <subfield code="a">lat</subfield>
   <subfield code="a">ger</subfield>
  </datafield>
  <datafield tag="044" ind1=" " ind2=" ">
   <subfield code="c">XA-DE-BE</subfield>
  </datafield>
  <datafield tag="072" ind1=" " ind2="7">
   <subfield code="a">HIS 002000</subfield>
   <subfield code="2">bisacsh</subfield>
  </datafield>
  <datafield tag="072" ind1=" " ind2="7">
   <subfield code="a">HIS002000</subfield>
   <subfield code="2">bisacsh</subfield>
  </datafield>
  <datafield tag="082" ind1="0" ind2=" ">
   <subfield code="a">188</subfield>
   <subfield code="q">SEPA</subfield>
   <subfield code="2">23</subfield>
  </datafield>
  <datafield tag="084" ind1=" " ind2=" ">
   <subfield code="a">GK 9951</subfield>
   <subfield code="q">SEPA</subfield>
   <subfield code="2">rvk</subfield>
   <subfield code="0">(DE-625)rvk/41344:</subfield>
  </datafield>
  <datafield tag="084" ind1=" " ind2=" ">
   <subfield code="a">FX 154700</subfield>
   <subfield code="q">SEPA</subfield>
   <subfield code="2">rvk</subfield>
   <subfield code="0">(DE-625)rvk/34954:11781</subfield>
  </datafield>
  <datafield tag="084" ind1=" " ind2=" ">
   <subfield code="a">CD 4802</subfield>
   <subfield code="q">SEPA</subfield>
   <subfield code="2">rvk</subfield>
   <subfield code="0">(DE-625)rvk/17810:11601</subfield>
  </datafield>
  <datafield tag="084" ind1=" " ind2=" ">
   <subfield code="a">CF 3500</subfield>
   <subfield code="q">SEPA</subfield>
   <subfield code="2">rvk</subfield>
   <subfield code="0">(DE-625)rvk/18085:11599</subfield>
  </datafield>
  <datafield tag="084" ind1=" " ind2=" ">
   <subfield code="a">PI 2330</subfield>
   <subfield code="q">SEPA</subfield>
   <subfield code="2">rvk</subfield>
   <subfield code="0">(DE-625)rvk/136548:</subfield>
  </datafield>
  <datafield tag="084" ind1=" " ind2=" ">
   <subfield code="a">CD 4804</subfield>
   <subfield code="q">SEPA</subfield>
   <subfield code="2">rvk</subfield>
   <subfield code="0">(DE-625)rvk/17810:11603</subfield>
  </datafield>
  <datafield tag="084" ind1=" " ind2=" ">
   <subfield code="a">NH 3642</subfield>
   <subfield code="q">SEPA</subfield>
   <subfield code="2">rvk</subfield>
   <subfield code="0">(DE-625)rvk/125594:240</subfield>
  </datafield>
  <datafield tag="084" ind1=" " ind2=" ">
   <subfield code="a">FX 154702</subfield>
   <subfield code="q">SEPA</subfield>
   <subfield code="2">rvk</subfield>
   <subfield code="0">(DE-625)rvk/34954:11783</subfield>
  </datafield>
  <datafield tag="100" ind1="1" ind2=" ">
   <subfield code="a">Cicero, Marcus Tullius</subfield>
   <subfield code="d">v106-v43</subfield>
   <subfield code="e">VerfasserIn</subfield>
   <subfield code="0">(DE-588)118520814</subfield>
   <subfield code="0">(DE-627)134345924</subfield>
   <subfield code="0">(DE-576)160579309</subfield>
   <subfield code="4">aut</subfield>
  </datafield>
  <datafield tag="240" ind1="1" ind2="0">
   <subfield code="a">De officiis</subfield>
   <subfield code="0">(DE-588)4140400-2</subfield>
   <subfield code="0">(DE-627)105628107</subfield>
   <subfield code="0">(DE-576)211365912</subfield>
  </datafield>
  <datafield tag="245" ind1="1" ind2="0">
   <subfield code="a">Vom rechten Handeln</subfield>
   <subfield code="c">Cicero ; herausgegeben und übersetzt von Karl Büchner</subfield>
  </datafield>
  <datafield tag="264" ind1=" " ind2="1">
   <subfield code="a">[Berlin]</subfield>
   <subfield code="b">De Gruyter</subfield>
   <subfield code="c">[2013?]</subfield>
  </datafield>
  <datafield tag="300" ind1=" " ind2=" ">
   <subfield code="a">420 Seiten</subfield>
  </datafield>
  <datafield tag="336" ind1=" " ind2=" ">
   <subfield code="a">Text</subfield>
   <subfield code="b">txt</subfield>
   <subfield code="2">rdacontent</subfield>
  </datafield>
  <datafield tag="337" ind1=" " ind2=" ">
   <subfield code="a">ohne Hilfsmittel zu benutzen</subfield>
   <subfield code="b">n</subfield>
   <subfield code="2">rdamedia</subfield>
  </datafield>
  <datafield tag="338" ind1=" " ind2=" ">
   <subfield code="a">Band</subfield>
   <subfield code="b">nc</subfield>
   <subfield code="2">rdacarrier</subfield>
  </datafield>
  <datafield tag="490" ind1="0" ind2=" ">
   <subfield code="a">Tusculum</subfield>
  </datafield>
  <datafield tag="500" ind1=" " ind2=" ">
   <subfield code="a">Literaturverzeichnis Seite [419]-420</subfield>
  </datafield>
  <datafield tag="534" ind1=" " ind2=" ">
   <subfield code="c">1994</subfield>
  </datafield>
  <datafield tag="546" ind1=" " ind2=" ">
   <subfield code="a">Text in lateinischer und deutscher Sprache</subfield>
  </datafield>
  <datafield tag="650" ind1=" " ind2="0">
   <subfield code="a">Ethics</subfield>
   <subfield code="x">Early works to 1800</subfield>
   <subfield code="2">DE-289</subfield>
  </datafield>
  <datafield tag="689" ind1="0" ind2="0">
   <subfield code="d">s</subfield>
   <subfield code="0">(DE-588)4140391-5</subfield>
   <subfield code="0">(DE-627)105628182</subfield>
   <subfield code="0">(DE-576)209702419</subfield>
   <subfield code="a">Pflicht</subfield>
   <subfield code="2">gnd</subfield>
  </datafield>
  <datafield tag="689" ind1="0" ind2=" ">
   <subfield code="5">(DE-627)</subfield>
  </datafield>
  <datafield tag="689" ind1="1" ind2="0">
   <subfield code="d">u</subfield>
   <subfield code="0">(DE-588)4140400-2</subfield>
   <subfield code="0">(DE-627)105628107</subfield>
   <subfield code="0">(DE-576)211365912</subfield>
   <subfield code="a">Cicero, Marcus Tullius</subfield>
   <subfield code="d">v106-v43</subfield>
   <subfield code="t">De officiis</subfield>
   <subfield code="2">gnd</subfield>
  </datafield>
  <datafield tag="689" ind1="1" ind2=" ">
   <subfield code="5">(DE-627)</subfield>
  </datafield>
  <datafield tag="700" ind1="1" ind2=" ">
   <subfield code="a">Büchner, Karl</subfield>
   <subfield code="d">1910-1981</subfield>
   <subfield code="e">HerausgeberIn</subfield>
   <subfield code="0">(DE-588)118664492</subfield>
   <subfield code="0">(DE-627)079448771</subfield>
   <subfield code="0">(DE-576)209255749</subfield>
   <subfield code="4">edt</subfield>
  </datafield>
  <datafield tag="775" ind1="0" ind2="8">
   <subfield code="i">Nachdruck von</subfield>
   <subfield code="a">Cicero, Marcus Tullius, v106 - v43</subfield>
   <subfield code="t">Vom rechten Handeln</subfield>
   <subfield code="b">4. Aufl.</subfield>
   <subfield code="d">München [u.a.] : Artemis-Verl., 1994</subfield>
   <subfield code="h">420 S.</subfield>
   <subfield code="w">(DE-627)153876182</subfield>
   <subfield code="w">(DE-576)041072065</subfield>
   <subfield code="z">9783760816524</subfield>
   <subfield code="z">3760816525</subfield>
  </datafield>
  <datafield tag="776" ind1="0" ind2="8">
   <subfield code="i">Erscheint auch als</subfield>
   <subfield code="n">Online-Ausgabe</subfield>
   <subfield code="a">Cicero, Marcus Tullius, v106 - v43</subfield>
   <subfield code="t">Vom rechten Handeln</subfield>
   <subfield code="b">4. Auflage</subfield>
   <subfield code="d">Berlin : De Gruyter, 2013</subfield>
   <subfield code="h">1 Online-Ressource (420 Seiten)</subfield>
   <subfield code="w">(DE-627)1655788272</subfield>
   <subfield code="w">(DE-576)405047282</subfield>
   <subfield code="z">9783050061672</subfield>
  </datafield>
  <datafield tag="936" ind1="r" ind2="v">
   <subfield code="a">GK 9951</subfield>
   <subfield code="b">Sonstige</subfield>
   <subfield code="k">Germanistik. Niederlandistik. Skandinavistik</subfield>
   <subfield code="k">Deutsche Literatur</subfield>
   <subfield code="k">Romantik</subfield>
   <subfield code="k">Literaturgeschichte</subfield>
   <subfield code="k">Einzelne Autoren der Goethezeit</subfield>
   <subfield code="k">Sonstige</subfield>
   <subfield code="0">(DE-627)1270644408</subfield>
   <subfield code="0">(DE-625)rvk/41344:</subfield>
   <subfield code="0">(DE-576)200644408</subfield>
  </datafield>
  <datafield tag="936" ind1="r" ind2="v">
   <subfield code="a">FX 154700</subfield>
   <subfield code="b">Gesamtausgaben</subfield>
   <subfield code="k">Klassische Philologie. Byzantinistik. Mittellateinische und Neugriechische Philologie. Neulatein</subfield>
   <subfield code="k">Lateinische Autoren und Inschriften der Antike</subfield>
   <subfield code="k">Lateinische Autoren und Anonyma</subfield>
   <subfield code="k">Klassik, Zeit Ciceros</subfield>
   <subfield code="k">Cicero, Marcus Tullius</subfield>
   <subfield code="k">Philosophica</subfield>
   <subfield code="k">De officiis</subfield>
   <subfield code="k">Gesamtausgaben</subfield>
   <subfield code="0">(DE-627)1270819585</subfield>
   <subfield code="0">(DE-625)rvk/34954:11781</subfield>
   <subfield code="0">(DE-576)200819585</subfield>
  </datafield>
  <datafield tag="936" ind1="r" ind2="v">
   <subfield code="a">CD 4802</subfield>
   <subfield code="b">Teilsammlungen</subfield>
   <subfield code="k">Philosophie</subfield>
   <subfield code="k">Geschichte der Philosophie</subfield>
   <subfield code="k">Geschichte der Philosophie des Abendlandes von Antike bis 20. Jahrhundert</subfield>
   <subfield code="k">Philosophie der hellenistischen, römischen und christlichen Antike</subfield>
   <subfield code="k">Autoren</subfield>
   <subfield code="k">Cicero, Marcus Tullius</subfield>
   <subfield code="k">Teilsammlungen</subfield>
   <subfield code="0">(DE-627)1272415430</subfield>
   <subfield code="0">(DE-625)rvk/17810:11601</subfield>
   <subfield code="0">(DE-576)202415430</subfield>
  </datafield>
  <datafield tag="936" ind1="r" ind2="v">
   <subfield code="a">CF 3500</subfield>
   <subfield code="b">Gesamtausgaben, Werke, Gesammelte Werke</subfield>
   <subfield code="k">Philosophie</subfield>
   <subfield code="k">Geschichte der Philosophie</subfield>
   <subfield code="k">Geschichte der Philosophie des Abendlandes von Antike bis 20. Jahrhundert</subfield>
   <subfield code="k">Philosophie des 17. und 18. Jahrhunderts</subfield>
   <subfield code="k">Autoren</subfield>
   <subfield code="k">Autoren G</subfield>
   <subfield code="k">Garve, Christian</subfield>
   <subfield code="k">Gesamtausgaben, Werke, Gesammelte Werke</subfield>
   <subfield code="0">(DE-627)1270645730</subfield>
   <subfield code="0">(DE-625)rvk/18085:11599</subfield>
   <subfield code="0">(DE-576)200645730</subfield>
  </datafield>
  <datafield tag="936" ind1="r" ind2="v">
   <subfield code="a">PI 2330</subfield>
   <subfield code="b">Quellen</subfield>
   <subfield code="k">Rechtswissenschaft</subfield>
   <subfield code="k">Allgemeine Rechtslehre und Rechtstheorie, Rechts- und Staatsphilosophie, Rechtssoziologie</subfield>
   <subfield code="k">Geschichte der Staats- und Rechtsphilosophie</subfield>
   <subfield code="k">Griechische und römische Staats- und Rechtsphilosophie</subfield>
   <subfield code="k">Quellen</subfield>
   <subfield code="0">(DE-627)1271265796</subfield>
   <subfield code="0">(DE-625)rvk/136548:</subfield>
   <subfield code="0">(DE-576)201265796</subfield>
  </datafield>
  <datafield tag="936" ind1="r" ind2="v">
   <subfield code="a">CD 4804</subfield>
   <subfield code="b">Einzelschriften</subfield>
   <subfield code="k">Philosophie</subfield>
   <subfield code="k">Geschichte der Philosophie</subfield>
   <subfield code="k">Geschichte der Philosophie des Abendlandes von Antike bis 20. Jahrhundert</subfield>
   <subfield code="k">Philosophie der hellenistischen, römischen und christlichen Antike</subfield>
   <subfield code="k">Autoren</subfield>
   <subfield code="k">Cicero, Marcus Tullius</subfield>
   <subfield code="k">Einzelschriften</subfield>
   <subfield code="0">(DE-627)1271571870</subfield>
   <subfield code="0">(DE-625)rvk/17810:11603</subfield>
   <subfield code="0">(DE-576)201571870</subfield>
  </datafield>
  <datafield tag="936" ind1="r" ind2="v">
   <subfield code="a">NH 3642</subfield>
   <subfield code="b">Übersetzungen</subfield>
   <subfield code="k">Geschichte</subfield>
   <subfield code="k">Griechisch-römische Geschichte</subfield>
   <subfield code="k">Griechische und lateinische Schriftsteller (Inschriften bei ND 4200 ff)</subfield>
   <subfield code="k">Lateinische Schriftsteller</subfield>
   <subfield code="k">Schriftsteller C</subfield>
   <subfield code="k">Cicero, Marcus Tullius</subfield>
   <subfield code="k">Übersetzungen</subfield>
   <subfield code="0">(DE-627)1272170799</subfield>
   <subfield code="0">(DE-625)rvk/125594:240</subfield>
   <subfield code="0">(DE-576)202170799</subfield>
  </datafield>
  <datafield tag="936" ind1="r" ind2="v">
   <subfield code="a">FX 154702</subfield>
   <subfield code="b">Übersetzungen</subfield>
   <subfield code="k">Klassische Philologie. Byzantinistik. Mittellateinische und Neugriechische Philologie. Neulatein</subfield>
   <subfield code="k">Lateinische Autoren und Inschriften der Antike</subfield>
   <subfield code="k">Lateinische Autoren und Anonyma</subfield>
   <subfield code="k">Klassik, Zeit Ciceros</subfield>
   <subfield code="k">Cicero, Marcus Tullius</subfield>
   <subfield code="k">Philosophica</subfield>
   <subfield code="k">De officiis</subfield>
   <subfield code="k">Übersetzungen</subfield>
   <subfield code="0">(DE-627)1271684829</subfield>
   <subfield code="0">(DE-625)rvk/34954:11783</subfield>
   <subfield code="0">(DE-576)201684829</subfield>
  </datafield>
  <datafield tag="951" ind1=" " ind2=" ">
   <subfield code="a">BO</subfield>
  </datafield>
  <datafield tag="990" ind1=" " ind2=" ">
   <subfield code="a">Pflicht</subfield>
  </datafield>
  <datafield tag="990" ind1=" " ind2=" ">
   <subfield code="a">Cicero, Marcus Tullius / De officiis</subfield>
  </datafield>
  <datafield tag="991" ind1=" " ind2=" ">
   <subfield code="a">Lateinisch - Deutsch</subfield>
  </datafield>
  <datafield tag="999" ind1=" " ind2=" ">
   <subfield code="a">KXP-PPN1681663252</subfield>
   <subfield code="e">4766755537</subfield>
  </datafield>
 </record>
</collection>
